000 00660 a2200193 4500
999 _c183374
_d183374
005 20211223160545.0
010 _aENG-130566
020 _a978-93-5460-196-5
_c1499.00
035 _aEN-114098
037 _bDBAD/PUB
082 _a658.562
_b1
_25th,Ed.
100 _aPyzdek, Thomas
245 _a Six Sigma Handbook:
_cThomas Pyzdek, Paul Keller
250 _a5th, Ed.
260 _aChennai
_bMcGraw Hill Education(india) Private Limited
_c2021
270 _aAnjana Complex No.5 /90 A, Butt Road, St. Thomas Mount
_bChennai
_e600016
300 _a xiv, 706p.
_c25cm (hbk)
_bNotes, Reference, Index
942 _adpl
_cEN
_2ddc
_h658.562
_mPYZ